000 00782nab a2200205 uc4500
001 868439
005 20240201191718.0
008 040329e20031005 spa
035 _a868439
035 _a(OCoLC)820102218
040 _ccomduadb
041 _aspa
100 1 0 _aBohorquez Villamizar, Jaime Alejandro
_4aut
_eaut
_9528373
245 1 0 _aAportes de la teoria informatica a la enseñanza y la practica de la ingenieria de software
650 _aTeoria informatica
_9131519
650 _aIngeniería de programas para computador
_9102351
650 _aPrincipio de Leibniz
_9131017
773 0 _tRevista de la Escuela Colombiana de Ingeniería (Bogotá)
_gVolumen 13, Número 52, Octubre-Diciembre de 2003, p. 32-41
_w132655
_x0121-5132
_071801
942 _cARIMP
999 _c310051
_d310051